| 000 | 005140000a22002410004500 | ||
|---|---|---|---|
| 650 | _aPhysics | ||
| 650 | _aMechanics | ||
| 650 | _aThermodynamics | ||
| 650 | _aOptics | ||
| 650 | _aSound | ||
| 650 | _aElectricity | ||
| 082 |
_a530 _bSu16n |
||
| 518 | _a20050810 | ||
| 530 | _aM | ||
| 100 | _aSubrahmanyam, N. | ||
| 100 | _aBrijlal | ||
| 245 | _aNumerical problems in physics | ||
| 260 |
_aNew Delhi _bS. Chand, India |
||
| 260 | _c1992 | ||
| 300 | _aviii, 517p. | ||
| 041 | _aEng | ||
| 942 | _cGEN | ||
| 999 |
_c34347 _d34347 |
||